书目信息 |
| 题名: |
太阳和太阳系
|
|
| 作者: | 戴文赛 撰 | |
| 分册: | ||
| 出版信息: | 北京 商务印书馆 1951 |
|
| 页数: | 100页 | |
| 开本: | 19cm | |
| 丛书名: | ||
| 单 册: | ||
| 中图分类: | P18 | |
| 科图分类: | ||
| 主题词: | 太阳系 , 太阳系 | |
| 电子资源: | ||
| ISBN: | ||
| 000 | 00556nam0 2200229 45 980 | |
| 001 | 0631733671 | |
| 005 | 20060812084939.90 | |
| 010 | @dCNY5.00 | |
| 100 | @a19970321d1951 em y0chiy0121 ea | |
| 101 | 0 | @achi |
| 102 | @aCN@b110000 | |
| 105 | @af z 000yy | |
| 106 | @ar | |
| 200 | 10 | @a太阳和太阳系@Atai yang hu tai yang xi@f戴文赛撰 |
| 210 | @a北京@c商务印书馆@d1951 | |
| 215 | @a100页@c图@d19cm | |
| 606 | 0 | @a太阳系 |
| 606 | 0 | @a太阳系 |
| 690 | @aP18@v3 | |
| 701 | 0 | @a戴文赛@4撰@Adai wen sai |
| 801 | 0 | @c20060812 |
| 905 | @a10447@dP18@e112 | |
| 太阳和太阳系/戴文赛撰 .-北京:商务印书馆,1951 |
| 100页:图;19cm |
| ISBN :CNY5.00 |
| ● |
| 相关链接 |
|
|
|
|
正题名:太阳和太阳系
索取号:P18/112
 
预约/预借
| 序号 | 登录号 | 条形码 | 馆藏地/架位号 | 状态 | 备注 |
| 1 | 0452319 | 204523195 | 密集书库/ [索取号:P18/112] | 在馆 |